000 00296nam a2200121Ia 4500
008 190216s9999||||xx |||||||||||||| ||und||
100 _aPrakash B A
245 0 _aKerala`S Economy Performance Problems Prospects
260 _bSage Pub
_c1994
300 _a418 p
650 _aEconomics
942 _cBK
999 _c9972
_d9972